000 00735nam a22001937a 4500
005 20170223144539.0
010 _aENG-117313
020 _a9789350359662
_c1395.00
035 _aEN-100845
037 _bDBAD/PUB
082 _a346.54066
245 _aLexisNexis the companies act, 2013 (Act 18 of 2013) with rules and forms /
250 _a5th ed
260 _aGurgaon
_bLexis Nexis
_c2017
270 _a14th Floor, Building No.10, Tower-B, DLF Cyber City, Phase-II
_bGurgaon
_e122002
300 _acccxIiii,2035p.
_c24cm(pbk)
505 _aIncluding the latest amended NCLT and NCLAT rules,2016 and incorporating amendments made by the insolvency and bankruptcy code, 2016
942 _2ddc
_cEN
_mTHE
_h346.54066
999 _c137803
_d137803